00591nam a2200169Ia 4500008004100000020001500041041001200056082001600068100001500084245007900099260002500178300000800203650002100211942000700232999001500239952016700254221030s9999 xx 000 0 und d a0070996784 aEnglish a105.23bZba aP. B. Zbar 0aIndustrial Electronics : A Text Lab Manual ( DEPARTMENTAL )cby P. B. Zbar bTMHaNew Delhic2004 a278 aECE Departmental cBK c4127d4127 pBE 8320g235.00l0o105.23 Zbar2022-10-30 00:00:00w2022-10-30yBK003Print4070aMIETLIBbMIETLIBcBL-Departmental, FL-1, CUP-10, SH-6, R-6d2006-11-0110HBE